Państwa po wskazówkach #1 - Statystyki

Ogólne statystyki
  • Ten quiz został rozwiązany 572 razy
  • Średni wynik to 16 z 22
Statystyki odpowiedzi
Wskazówki Państwo % Poprawnych
Liść klonowy, Policja konna, Łoś Kanada
99%
Wuj Sam, Supermocarstwo, Coca-Cola Stany Zjednoczone
97%
Piwo, Kiełbasa, Bach Niemcy
93%
Ferrari, Toskania, Gnocchi Włochy
89%
Narciarstwo alpejskie, Mozart, Kawa Austria
88%
Manga, Shinto, Tsunami Japonia
86%
Jogurt, Akropol, Santoryn Grecja
82%
Tequila, Chupacabra, Tenochtitlan Meksyk
78%
Gandhi, Ganges, Krykiet Indie
74%
Karaiby, Sprinterzy, Reggae Jamajka
74%
Hart ducha, Stonehenge, David Beckham Wielka Brytania
74%
Dacza, Duma, Bajkał Rosja
73%
Fiordy, Ropa naftowa, Zimowe Igrzyska Olimpijskie Norwegia
72%
Andy, Ziemia Ognista, Wyspa Wielkanocna Chile
71%
Czyngis-chan, Nomady, Stepy Mongolia
68%
Kawa, Shakira, Tejo Kolumbia
65%
Mezopotamia, Broń masowgo rażenia, Kurdowie Irak
63%
Kiwi, Władca pierścieni, Rugby union Nowa Zelandia
62%
Rugby union, Biltong, Afrikaans Republika Południowej Afryki
53%
Indus, Benazir Bhutto, K2 Pakistan
48%
Java, Suharto, Krakatau Indonezja
46%
Kanał, Balboa, Noriega Panama
37%
Nie znaleziono quizów pasujących do podanych kryteriów
Rozkład punktacji
Procent ludzi z każdym wynikiem
Percentyl według liczby udzielonych odpowiedzi
Twoja historia wyników
Nie rozwiązałeś tego quizu